|
|
|
|
| LEADER |
00000cam a22000004a 4500 |
| 001 |
musev2_803 |
| 003 |
MdBmJHUP |
| 005 |
20230905040129.0 |
| 006 |
m o d |
| 007 |
cr||||||||nn|n |
| 008 |
090807s2010 inu o 00 0 eng d |
| 010 |
|
|
|z 2009032870
|
| 020 |
|
|
|a 9780253003966
|
| 020 |
|
|
|z 9780253353825
|
| 020 |
|
|
|z 0253003962
|
| 035 |
|
|
|a (OCoLC)607553761
|
| 040 |
|
|
|a MdBmJHUP
|c MdBmJHUP
|
| 043 |
|
|
|a cl-----
|
| 050 |
0 |
4 |
|a ML128.S3
|b H85 2010
|
| 082 |
0 |
|
|a 016.78242168098
|2 22
|
| 245 |
0 |
2 |
|a A Guide to the Latin American Art Song Repertoire :
|b An Annotated Catalog of Twentieth-Century Art Songs for Voice and Piano /
|c editied by Maya Hoover ; with contributions by Stela M. Brandão ... [et al.].
|
| 264 |
|
1 |
|a Bloomington :
|b Indiana University Press,
|c 2010.
|
| 264 |
|
3 |
|a Baltimore, Md. :
|b Project MUSE,
|c 2012
|
| 264 |
|
4 |
|c ©2010.
|
| 300 |
|
|
|a 1 online resource (368 pages).
|
| 336 |
|
|
|a text
|b txt
|2 rdacontent
|
| 337 |
|
|
|a computer
|b c
|2 rdamedia
|
| 338 |
|
|
|a online resource
|b cr
|2 rdacarrier
|
| 490 |
0 |
|
|a Indiana repertoire guides
|
| 504 |
|
|
|a Includes bibliographical references (p. 253-266) and indexes.
|
| 505 |
0 |
|
|a Argentina / Allison Weiss -- Bolivia -- Brazil / Stela M. Brandão -- Chile -- Colombia / Ellie Anne Duque -- Costa Rica -- Cuba -- Dominican republic -- Ecuador -- El Salvador -- Guatemala -- Haiti / Jean-Ronald LaFond -- Honduras -- Jamaica -- Mexico -- Nicaragua -- Panama -- Paraguay -- Peru / Jose-Luis Maúrtua -- Puerto Rico -- Uruguay -- Venezuela / Kathleen L. Wilson.
|
| 588 |
|
|
|a Description based on print version record.
|
| 650 |
|
0 |
|a Songs
|z Latin America
|y 20th century
|v Bibliography.
|
| 655 |
|
7 |
|a Electronic books.
|2 local
|
| 700 |
1 |
|
|a Brandão, Stela M.
|
| 700 |
1 |
|
|a Hoover, Maya Frieman.
|
| 710 |
2 |
|
|a Project Muse.
|e distributor
|
| 830 |
|
0 |
|a Indiana repertoire guides.
|
| 830 |
|
0 |
|a Book collections on Project MUSE.
|
| 856 |
4 |
0 |
|z Texto completo
|u https://projectmuse.uam.elogim.com/book/803/
|
| 945 |
|
|
|a Project MUSE - Custom Collection
|
| 945 |
|
|
|a Project MUSE - 2010 Film, Theater and Performing Arts
|
| 945 |
|
|
|a Project MUSE - Archive Latin American and Caribbean Studies Foundation
|
| 945 |
|
|
|a Project MUSE - 2010 Complete
|